00303nam a2200121Ia 4500008004100000041000800041082001500049100001900064245004500083260002900128300001100157365001300168240624s9999 xx 000 0 und d aeng a332.4 RIC  aRICKARDS JAMES aCURRENCY WARS THE MAKING OF THE NEXT GLO c2012aNew DelhibPenguin a320 p. cRSb28.5